| 000 | 00644nam a22002057a 4500 | ||
|---|---|---|---|
| 999 |
_c58888 _d58888 |
||
| 005 | 20221017115212.0 | ||
| 008 | 221013s2010ge xxu||||| |||| 00| 0 ger d | ||
| 020 | _a 9783825233983 | ||
| 041 | _ager | ||
| 080 | _a821.112.2 J-94 | ||
| 100 |
_aJürgensen, Christoph. _915322 |
||
| 245 |
_a Sturm und Drang / _bChristoph Jürgensen, Ingo Irsigler. |
||
| 264 |
_aGottingen : _bVandenhoeck & Ruprecht, _c2010. |
||
| 300 |
_a123 p.; _b19 cm. |
||
| 440 |
_a UTB Profile _915323 |
||
| 653 | _a Sturm und Drang | ||
| 653 | _aგერმანული ლიტერატურა | ||
| 700 |
_aIrsigler,Ingo _eAuthor _915324 |
||
| 942 |
_2udc _cBK |
||